000
00282nam a22001337a 4500
082
_a
894.812.1
_b
PAN/K
100
_a
PANIKKAVEETTIL, SHAHUL
245
_a
KATTUKANYAKA
260
_b
MARIYATH PUBLICATIONS
_c
2013
300
_a
63
520
_a
POETRY
650
_a
POETRY
942
_c
BK
999
_c
4544
_d
4544